00587nam a2200121Ia 45000010005000000080041000050820022000461000053000682450281001212600019004029010029004219990015004503506241024s9999 xx 000 0 und d aRD/378/IN58i/2010 aRepública Dominicana.Ministerio de Educación 0aInforme de la comisión designada por el ministro de educación para evaluar las recomendaciones de la evaluación quinquenal (externa) realizada por el Ministerio de Educación Superior, Ciencia y Tecnología al instituto superior de formación docente Salomé Ureña bISFODOSUc2010 a29/11/2013 10:47:19 a.m. c8330d8330